| 000 | 00474nam a22001697a 4500 | ||
|---|---|---|---|
| 003 | BD-ChCU | ||
| 005 | 20260406112828.0 | ||
| 008 | 260406b bg ||||| |||| 00| 0 ben d | ||
| 040 | _cBD-ChCU | ||
| 082 | _a523.75 THP | ||
| 100 |
_aThomas , Richard N. _921193 |
||
| 245 |
_aPhysics of the solar chromosphere ./ _cRichard N. Thomas . |
||
| 260 |
_aNew York : _bInterscience pub . _cC 1961 |
||
| 300 | _ax , 422p. | ||
| 650 | 0 |
_aSolar Physics . _921197 |
|
| 942 |
_2ddc _cBK _n0 |
||
| 999 |
_c112060 _d112060 |
||